000 00742nam a2200229Ii 4500
003 JO-AjNU
008 230605s9999||||xx |||||||||||||| ||und||
017 _a2002/19545
020 _a977-01-8310-5
040 _aJO-AjNU
_bara
_erda
_cJO-AjNU
041 _aara
050 1 4 _aBP178.N3422 2002
100 3 _aالنجار، عامر,
_eauthor
_919965
245 0 0 _aالصلاة
264 3 1 _aالقاهرة: الهيئة المصرية العامة للكتاب، 2002
300 _a303ص
_bيتضمن ملحق ص287-300
336 _atext
_btxt
_2rdacontent
337 _aunmediated
_bn
_2rdamedia
338 _avolume
_bnc
_2rdacarrier
490 0 _aالتراث
650 4 _aالصلاة- العبادات- فقه اسلامي
_919966
999 _aA6683
_c10251
_d10251